000 00640nam a2200193 i 4500
001 85319
003 ES-MaACL
005 20250908234053.0
007 t|
008 041126s1913 sp ||||1| spa d
100 1 _aJovellanos, Gaspar Melchor de,
_d1744-1811
_9222580
245 1 0 _aManuscritos médicos, raros o dispersos /
_cJovellanos ; dispuestos para la impresión por Julio Somoza García-.
260 _aMadrid :
_bHijos de Gómez Fuentenebro,
_c1913.
300 _a430 p. ;
_c24 cm.
500 _a[Nueva serie]
700 1 _aSomoza, Julio,
_d1848-1940
_9107287
852 _aES-MaACL
_jC-1518
999 _c85319
_d85319